000 00576nam a2200181Ia 4500
008 090124s9999 xx 000 0 und d
082 _b11500
100 _aकेणेकर मुक्ता
245 _a अंधाराची कावड
250 _a1
260 _bदिलीप प्रकाशन
_c1980
300 _a145
600 _aकेणेकर मुक्ता
630 _a अंधाराची कावड
700 _aकेणेकर मुक्ता
730 _a अंधाराची कावड
942 _cBOOK
999 _c86287
_d86287